[Event "FIN-ch (Women)"]
[Site "Helsinki"]
[Date "2022.04.15"]
[Round "1"]
[White "Rinne, Heini"]
[Black "Dannenberg, Alia"]
[Result "1/2-1/2"]
[WhiteElo "1853"]
[BlackElo "1896"]
[PlyCount "41"]
[EventDate "2022.04.15"]
[EventType "tourn"]
[EventRounds "9"]
[EventCountry "FIN"]
[SourceTitle "CBM 208 Extra"]
[Source "ChessBase"]
[SourceDate "2022.07.31"]
[SourceVersion "1"]
[SourceVersionDate "2022.07.31"]
[SourceQuality "1"]

1. b3 Nf6 2. Bb2 c5 3. e3 g6 4. g3 Bg7 5. Bg2 Nc6 6. Ne2 d5 7. 0-0 0-0 8. d3 Rb8 9. Nd2 b5 10. e4 d4 11. a4 a6 12. axb5 axb5 13. Nf3 e5 14. c3 Qd6 15. cxd4 Nxd4 16. Nexd4 cxd4 17. Nd2 Qb6 18. b4 Be6 19. Nb3 Bxb3 20. Qxb3 Nd7 21. Bh3 1/2-1/2

[Event "Helsinki MatSK op"]
[Site "Helsinki"]
[Date "2020.02.23"]
[Round "7"]
[White "Rinne, Heini"]
[Black "Ertbjerg, Per"]
[Result "1-0"]
[WhiteElo "1792"]
[BlackElo "2052"]
[PlyCount "85"]
[EventDate "2020.02.21"]
[EventType "swiss"]
[EventRounds "7"]
[EventCountry "FIN"]
[SourceTitle "CBM 195 Extra"]
[Source "ChessBase"]
[SourceDate "2020.05.31"]
[SourceVersion "1"]
[SourceVersionDate "2020.05.31"]
[SourceQuality "1"]

1. d4 Nf6 2. c4 g6 3. Nc3 d5 4. cxd5 Nxd5 5. e4 Nxc3 6. bxc3 Bg7 7. Bg5 c5 8. Rc1 Qa5 9. Qd2 Nc6 10. d5 Nd8 11. Nf3 Bg4 12. Be2 h6 13. Be3 h5 14. Bg5 f6 15. Be3 Nf7 16. 0-0 0-0 17. Nh4 Bxe2 18. Qxe2 Kh7 19. f4 Bh6 20. Qd3 Rg8 21. Nf3 Nd6 22. c4 a6 23. Rb1 Rac8 24. e5 fxe5 25. Nxe5 b5 26. Nc6 bxc4 27. Qc2 Qa3 28. Bc1 Qd3 29. Qxd3 cxd3 30. Nxe7 Rb8 31. Rxb8 Rxb8 32. Ba3 Ne4 33. Nc6 Rb5 34. g3 d2 35. Rd1 Bg7 36. d6 Bf6 37. d7 c4 38. Be7 Bxe7 39. Nxe7 Rb8 40. Nc8 c3 41. d8Q c2 42. Qc7+ Kh6 43. Qxc2 1-0

[Event "Tampere TammerSh Spring op-B"]
[Site "Tampere"]
[Date "2019.04.21"]
[Round "4"]
[White "Rinne, Heini"]
[Black "Niemenmaa, Teemu Pekka"]
[Result "1-0"]
[WhiteElo "1761"]
[BlackElo "1746"]
[PlyCount "81"]
[EventDate "2019.04.20"]
[EventType "swiss"]
[EventRounds "4"]
[EventCountry "FIN"]
[SourceTitle "EXT 2021"]
[Source "ChessBase"]
[SourceDate "2020.10.23"]
[SourceVersion "1"]
[SourceVersionDate "2020.10.23"]
[SourceQuality "1"]

1. d4 f5 2. g3 Nf6 3. Bg2 e6 4. Nf3 Be7 5. c4 0-0 6. 0-0 d6 7. Nc3 Nbd7 8. Qc2 a6 9. Re1 h6 10. e4 fxe4 11. Nxe4 Nxe4 12. Qxe4 Nf6 13. Qg6 Qe8 14. Nh4 Qxg6 15. Nxg6 Re8 16. b3 Kf7 17. Nf4 g5 18. Nd3 Rb8 19. f4 g4 20. f5 h5 21. fxe6+ Bxe6 22. Rf1 Kg8 23. d5 Bf7 24. Bb2 Nd7 25. h3 Bg5 26. Nf4 Nc5 27. hxg4 hxg4 28. Rae1 Bxf4 29. Rxe8+ Rxe8 30. Rxf4 Re2 31. Rxg4+ Kf8 32. Bg7+ Ke7 33. b4 Nd3 34. Re4+ Rxe4 35. Bxe4 Ne5 36. Bxe5 dxe5 37. Kf2 b6 38. g4 Kf6 39. Ke3 Be8 40. Bf5 Ba4 41. c5 1-0

[Event "Olympiad Women-43"]
[Site "Batumi"]
[Date "2018.09.30"]
[Round "6.40"]
[White "Manar, Khalil"]
[Black "Rinne, Heini"]
[Result "0-1"]
[WhiteElo "1797"]
[BlackElo "1760"]
[PlyCount "54"]
[EventDate "2018.09.24"]
[EventType "team-swiss"]
[EventRounds "11"]
[EventCountry "GEO"]
[SourceTitle "EXT 2020"]
[Source "ChessBase"]
[SourceDate "2019.10.17"]
[SourceVersion "1"]
[SourceVersionDate "2019.10.17"]
[SourceQuality "1"]
[WhiteTeam "Syria (W)"]
[BlackTeam "Finland (W)"]
[WhiteTeamCountry "SYR"]
[BlackTeamCountry "FIN"]

1. e4 c6 2. d4 d5 3. exd5 cxd5 4. c4 Nf6 5. Nc3 e6 6. Nf3 Be7 7. Be2 Nc6 8. 0-0 0-0 9. c5 b6 10. cxb6 axb6 11. Be3 Ba6 12. Rc1 Bxe2 13. Qxe2 Na5 14. Nb5 Nc4 15. b3 Nxe3 16. fxe3 Ne4 17. Ne5 Bg5 18. Rc7 f6 19. Nc6 Qe8 20. Rc1 Rxa2 21. Qxa2 Bxe3+ 22. Kf1 Bxc1 23. Qc2 Bh6 24. Re7 Qh5 25. h3 Qf5+ 26. Kg1 Be3+ 27. Kh2 Qf4+ 0-1

[Event "Olympiad Women-43"]
[Site "Batumi"]
[Date "2018.09.27"]
[Round "4.40"]
[White "Rinne, Heini"]
[Black "Kim, Yubin"]
[Result "1/2-1/2"]
[WhiteElo "1760"]
[BlackElo "1671"]
[PlyCount "51"]
[EventDate "2018.09.24"]
[EventType "team-swiss"]
[EventRounds "11"]
[EventCountry "GEO"]
[SourceTitle "EXT 2020"]
[Source "ChessBase"]
[SourceDate "2019.10.17"]
[SourceVersion "1"]
[SourceVersionDate "2019.10.17"]
[SourceQuality "1"]
[WhiteTeam "Finland (W)"]
[BlackTeam "South Korea (W)"]
[WhiteTeamCountry "FIN"]
[BlackTeamCountry "KOR"]

1. d4 Nf6 2. c4 e6 3. Nc3 Bb4 4. Qc2 d5 5. a3 Bxc3+ 6. Qxc3 dxc4 7. e3 b6 8. Bxc4 Bb7 9. Bb5+ Nbd7 10. Bc6 Nd5 11. Qc2 Bxc6 12. Qxc6 0-0 13. Nf3 Ne7 14. Qa4 c5 15. 0-0 cxd4 16. exd4 Nd5 17. Bg5 N7f6 18. Rac1 Qd7 19. Qa6 Rfc8 20. Ne5 Qe8 21. Rfe1 h6 22. Bh4 Kf8 23. h3 Kg8 24. Kh1 Kf8 25. Kg1 Kg8 26. Kh1 1/2-1/2

[Event "Helsinki Naisten SM"]
[Site "Helsinki"]
[Date "2017.06.18"]
[Round "5"]
[White "Nazarova, Anastasia"]
[Black "Rinne, Heini"]
[Result "1-0"]
[WhiteElo "2038"]
[BlackElo "1746"]
[PlyCount "45"]
[EventDate "2017.06.14"]
[EventType "tourn"]
[EventRounds "5"]
[EventCountry "FIN"]
[SourceTitle "EXT 2022"]
[Source "ChessBase"]
[SourceDate "2021.10.06"]
[SourceVersion "1"]
[SourceVersionDate "2021.10.06"]
[SourceQuality "1"]

1. e4 g6 2. d4 Bg7 3. Nc3 a6 4. Be3 b5 5. Qd2 Bb7 6. f3 d5 7. 0-0-0 dxe4 8. Nxe4 Nd7 9. Bd3 Ngf6 10. Bh6 0-0 11. h4 Nxe4 12. Bxe4 Bxe4 13. fxe4 Nf6 14. Bxg7 Kxg7 15. e5 Ne4 16. Qe3 Qd5 17. h5 h6 18. hxg6 Ng5 19. Nf3 fxg6 20. Nxg5 hxg5 21. Qxg5 Qe6 22. Qh6+ Kf7 23. Rdf1+ 1-0

[Event "Helsinki Naisten SM"]
[Site "Helsinki"]
[Date "2017.06.14"]
[Round "1"]
[White "Rinne, Heini"]
[Black "Norlamo, Sarabella"]
[Result "1/2-1/2"]
[WhiteElo "1746"]
[BlackElo "1640"]
[PlyCount "40"]
[EventDate "2017.06.14"]
[EventType "tourn"]
[EventRounds "5"]
[EventCountry "FIN"]
[SourceTitle "EXT 2022"]
[Source "ChessBase"]
[SourceDate "2021.10.06"]
[SourceVersion "1"]
[SourceVersionDate "2021.10.06"]
[SourceQuality "1"]

1. Nf3 Nf6 2. g3 g6 3. b3 Bg7 4. Bb2 d6 5. d4 Nbd7 6. Bg2 Ne4 7. 0-0 0-0 8. c4 c6 9. Qd3 Ndf6 10. Nc3 Bf5 11. Nh4 Nxf2 12. Qf3 Nh3+ 13. Kh1 Bg4 14. Qd3 Ng5 15. Bc1 Nh3 16. e4 h6 17. Be3 Qd7 18. Qd2 Kh7 19. Rae1 Rad8 20. Qc1 Qc8 1/2-1/2

[Event "FIN-chT1B 1617"]
[Site "Finland"]
[Date "2016.12.10"]
[Round "4.7"]
[White "Hall, Raimo"]
[Black "Rinne, Heini"]
[Result "1/2-1/2"]
[WhiteElo "1867"]
[BlackElo "1751"]
[PlyCount "98"]
[EventDate "2016.09.17"]
[EventType "team-tourn"]
[EventRounds "7"]
[EventCountry "FIN"]
[SourceTitle "EXT 2019"]
[Source "ChessBase"]
[SourceDate "2018.10.10"]
[SourceVersion "1"]
[SourceVersionDate "2018.10.10"]
[SourceQuality "1"]
[WhiteTeam "Helsinki HSK II"]
[BlackTeam "Tampere Tammer III"]
[WhiteTeamCountry "FIN"]
[BlackTeamCountry "FIN"]

1. d4 Nf6 2. Nf3 e6 3. Bg5 Be7 4. Nbd2 d5 5. Bxf6 Bxf6 6. e4 dxe4 7. Nxe4 Be7 8. Bd3 Nd7 9. 0-0 Nf6 10. Qe2 Nxe4 11. Qxe4 Qd5 12. Rfe1 Qxe4 13. Bxe4 Bd7 14. Ne5 Bd6 15. Nxd7 Kxd7 16. c4 c6 17. Rad1 Rad8 18. a3 Kc7 19. d5 exd5 20. cxd5 c5 21. Rc1 Rhe8 22. g3 h6 23. Kf1 b6 24. Rc2 g6 25. Bd3 Rxe1+ 26. Kxe1 Re8+ 27. Re2 Rxe2+ 28. Kxe2 Be5 29. b3 Kd6 30. Bc4 f6 31. a4 a6 32. f4 Bd4 33. Kf3 Bg1 34. Kg2 Bd4 35. h4 g5 36. Kf3 gxh4 37. gxh4 b5 38. axb5 axb5 39. Bxb5 Kxd5 40. Kg4 Bf2 41. h5 Ke6 42. Bc4+ Ke7 43. Kf5 Be3 44. Bd5 Bd2 45. Ke4 Kd6 46. Bc4 Bc1 47. Kf5 Ke7 48. Ke4 Kd6 49. Be2 Bd2 1/2-1/2

[Event "Olympiad Women-42"]
[Site "Baku"]
[Date "2016.09.12"]
[Round "10.3"]
[White "Longson, Sarah N"]
[Black "Rinne, Heini"]
[Result "1-0"]
[WhiteElo "2103"]
[BlackElo "1751"]
[PlyCount "63"]
[EventDate "2016.09.02"]
[EventType "team-swiss"]
[EventRounds "11"]
[EventCountry "AZE"]
[SourceTitle "CBM 174 Extra"]
[Source "ChessBase"]
[SourceDate "2016.10.10"]
[SourceVersion "1"]
[SourceVersionDate "2016.10.10"]
[SourceQuality "1"]
[WhiteTeam "England (W)"]
[BlackTeam "Finland (W)"]
[WhiteTeamCountry "ENG"]
[BlackTeamCountry "FIN"]

1. e4 c6 2. d4 d5 3. f3 dxe4 4. fxe4 e5 5. Nf3 Bg4 6. Bc4 Nd7 7. 0-0 Ngf6 8. c3 Nb6 9. Bxf7+ Kxf7 10. Nxe5+ Ke8 11. Nxg4 Be7 12. Nxf6+ Bxf6 13. e5 Be7 14. Qh5+ g6 15. Qh6 Bf8 16. Qf4 Qd5 17. Qf6 Qg8 18. Nd2 Be7 19. Qf3 Qe6 20. Ne4 Rf8 21. Nf6+ Bxf6 22. exf6 Kf7 23. Bg5 Rfe8 24. Qg3 Qd7 25. Rae1 Nd5 26. Qh4 h5 27. c4 Nc7 28. Re7+ Rxe7 29. fxe7+ Kg7 30. Qf4 Ne6 31. Qf7+ Kh8 32. Bf6+ 1-0

[Event "Nordic School-chT U20"]
[Site "Lund"]
[Date "2007.09.07"]
[Round "2.3"]
[White "Rinne, Heini"]
[Black "Thorsteinsson, Hilmar"]
[Result "0-1"]
[WhiteElo "1592"]
[BlackElo "1855"]
[PlyCount "59"]
[EventDate "2007.09.??"]
[EventType "team-tourn"]
[EventRounds "5"]
[EventCountry "SWE"]
[SourceTitle "EXT 2010"]
[Source "ChessBase"]
[SourceDate "2010.11.25"]
[SourceVersion "1"]
[SourceVersionDate "2010.11.25"]
[SourceQuality "1"]

1. d4 d5 2. c4 e6 3. Nc3 Nf6 4. Bg5 Nbd7 5. e3 Be7 6. Nf3 0-0 7. Rc1 b6 8. Bd3 Bb7 9. 0-0 h6 10. Bh4 Ne4 11. Bxe7 Qxe7 12. cxd5 exd5 13. Qc2 Rfc8 14. Rfe1 c5 15. Qe2 Ndf6 16. Ne5 Nxc3 17. bxc3 Nd7 18. Nxd7 Qxd7 19. Qf3 Rc7 20. Qh5 Re8 21. g4 g6 22. Qh4 Rec8 23. Rb1 Kg7 24. g5 hxg5 25. Qxg5 cxd4 26. cxd4 Rc3 27. Rbd1 Qa4 28. Bb1 Qa3 29. Kh1 Rc1 30. Qe5+ 0-1